Alt-niederländische Malerei (Record no. 5134)

MARC details
000 -CABECERA
campo de control de longitud fija 00753nam a2200241 a 4500
001 - NÚMERO DE CONTROL
campo de control BRCA_5440
005 - FECHA Y HORA DE LA ÚLTIMA TRANSACCIÓN
campo de control 20190320205058.0
008 - DATOS DE LONGITUD FIJA--INFORMACIÓN GENERAL
campo de control de longitud fija 141210s1910----gw-a######---#000-0#ger-#
041 ## - CÓDIGO DE LENGUA
Código de lengua del texto/banda sonora o título independiente ger
044 ## - CÓDIGO DEL PAÍS DE LA ENTIDAD EDITORA/PRODUCTORA
Código MARC del país gw
050 #4 - SIGNATURA TOPOGRÁFICA DE LA BIBLIOTECA DEL CONGRESO
Número de clasificación ND631
Número de documento/Ítem .H45 1910
100 1# - ENTRADA PRINCIPAL--NOMBRE DE PERSONA
Nombre de persona Heidrich, Ernst
9 (RLIN) 13892
245 10 - MENCIÓN DE TÍTULO
Título Alt-niederländische Malerei
Resto del título 200 Nachbildungen mitgeschichtlicher einfürungen und erläuterungen
Mención de responsabilidad, etc. von Ernst Heidrich.
260 ## - PUBLICACIÓN, DISTRIBUCIÓN, ETC.
Lugar de publicación, distribución, etc. Jena, Alemania
Nombre del editor, distribuidor, etc. Eugen Diederichs
Fecha de publicación, distribución, etc. 1910
300 ## - DESCRIPCIÓN FÍSICA
Extensión 277 p.
Otras características físicas il.,
Dimensiones 26 cm.
440 #0 - MENCIÓN DE SERIE/PUNTO DE ACCESO ADICIONAL--TÍTULO
Título Die Kunst in Bildern
9 (RLIN) 13893
500 ## - NOTA GENERAL
Nota general Estado físico: Ecuandernación deteriorada
500 ## - NOTA GENERAL
Nota general E155
650 14 - PUNTO DE ACCESO ADICIONAL DE MATERIA--TÉRMINO DE MATERIA
Término de materia o nombre geográfico como elemento de entrada Pintura
Subdivisión geográfica Países Bajos
9 (RLIN) 13692
650 14 - PUNTO DE ACCESO ADICIONAL DE MATERIA--TÉRMINO DE MATERIA
Término de materia o nombre geográfico como elemento de entrada Pintores holandeses
9 (RLIN) 13894
902 ## - CATALOGADOR
Iniciales GFM
942 ## - ELEMENTOS DE PUNTO DE ACCESO ADICIONAL (KOHA)
Fuente del sistema de clasificación o colocación Library of Congress Classification
Tipo de ítem Koha Libros
Holdings
Estado de retiro Estado de pérdida Estado dañado No para préstamo Localización permanente Ubicación/localización actual Fecha de adquisición Número de inventario Total de préstamos Signatura topográfica completa Código de barras Fecha visto por última vez Precio válido a partir de Tipo de ítem Koha
El ejemplar forma parte de la colección y puede ser consultado según las políticas vigentes.       Biblioteca del Museo Franz Mayer (Rogerio Casas-Alatriste) Biblioteca del Museo Franz Mayer (Rogerio Casas-Alatriste) 14/12/2010 E155   ND631 .H45 1910 (E155) 5875 22/03/2019 22/03/2019 Libros